ბათუმის შოთა რუსთაველის სახელმწიფო უნივერსიტეტის ბიბლიოთეკა

Овощеводство (ბიბ.ჩანაწერი № 45069)

000 -LEADER
fixed length control field 00618nam a2200217Ia 4500
001 - CONTROL NUMBER
control field 11892
003 - CONTROL NUMBER IDENTIFIER
control field GE_BSU
008 - FIXED-LENGTH DATA ELEMENTS--GENERAL INFORMATION
fixed length control field 181216s||||||||xx |||||||||||||| ||und||
040 ## - CATALOGING SOURCE
Transcribing agency GE_BSU
080 ## - UNIVERSAL DECIMAL CLASSIFICATION NUMBER
Universal Decimal Classification number 635/(075.8)
100 ## - MAIN ENTRY--PERSONAL NAME
Personal name Марков,В.М.
245 ## - TITLE STATEMENT
Title Овощеводство
245 ## - TITLE STATEMENT
Remainder of title Уч.пособ.для агрономич. спец.сельхоз. вузов
245 ## - TITLE STATEMENT
Statement of responsibility, etc. Ред.В.М.Шлепанов.Худ.Б.Диадоров
260 ## - PUBLICATION, DISTRIBUTION, ETC.
Place of publication, distribution, etc. Москва
260 ## - PUBLICATION, DISTRIBUTION, ETC.
Name of publisher, distributor, etc. Колос
260 ## - PUBLICATION, DISTRIBUTION, ETC.
Date of publication, distribution, etc. 1966
300 ## - PHYSICAL DESCRIPTION
Extent 574стр..ил.22см.
653 ## - INDEX TERM--UNCONTROLLED
Uncontrolled term Овощеводство
942 ## - ADDED ENTRY ELEMENTS (KOHA)
Koha item type წიგნი
ეგზემპლარები
Withdrawn status Lost status Damaged status Not for loan Date acquired Barcode Date last seen Price effective from Koha item type
        2018-12-17 20448 2018-12-17 2018-12-17 წიგნი